Rovnováha vnitřního spotřebitelského trhu-příklad Československa sedmdesátych let

Na minha lista:
Detalhes bibliográficos
Autor principal: Dolejší, Bohumil
Formato: Livro
Idioma:tcheco
Publicado em: Praha Academia 1984
Tags: Adicionar Tag
Sem tags, seja o primeiro a adicionar uma tag!

MARC

LEADER 00000nam a2200000 4500
001 c117049
005 20041019155206.4
041 0 |a cze 
044 |a CZ 
245 1 0 |a Rovnováha vnitřního spotřebitelského trhu-příklad Československa sedmdesátych let  |c Bohumil Dolejší 
264 1 |a Praha  |b Academia  |c 1984 
300 |a 127 s. 
100 1 |a Dolejší, Bohumil